000 00481nam a2200157 a 4500
008 120416s1961 ||||||||||||||||| || u
020 _a0340157011
050 _aPR 6069.E48 Set
100 _aSeton, Anya
245 1 0 _aKatherine
260 _aLondon
_bCoronet Books
_c1961
300 _a575p.
350 _a0.00
650 _aENGLISH LANGUAGE
995 _D0.00
_FCBU-MAIN LIBRARY (Kitwe)
_H1
_I2.50
_M1
_UDAMAGED
_ZFiction Collection
999 _c48571
_d48571